Návrh riešenia automatického spracovania integrovanej bázy údajov sociálno-ekonomických informácií stavebného podniku kandidátska dizertačná práca

Uložené v:
Podrobná bibliografia
Hlavný autor: Babicz, Mikuláš
Korporativný autor: Vysoká škola ekonomická v Bratislave. Fakulta riadenia
Ďalší autori: Štefánek, Ján
Médium: Kniha
Jazyk:Slovak
Vydavateľské údaje: Bratislava 1982
Tagy: Pridať tag
Žiadne tagy, Buďte prvý, kto otaguje tento záznam!

MARC

LEADER 00000nam a2200000 4500
001 c135039
005 20230116104748.8
041 0 |a slo 
044 |a SK 
245 1 0 |a Návrh riešenia automatického spracovania integrovanej bázy údajov sociálno-ekonomických informácií stavebného podniku  |b kandidátska dizertačná práca  |c Mikuláš Babicz ; ved. Ján Štefánek 
264 1 |a Bratislava  |c 1982 
300 |a 134 s. 
100 1 |a Babicz, Mikuláš 
700 1 |a Štefánek, Ján 
710 2 |a Vysoká škola ekonomická v Bratislave. Fakulta riadenia